名前に「門」がつく駅 - Statistics

General Stats
  • This quiz has been taken 33 times
  • The average score is 21 of 48
Answer Stats
Hint Answer % Correct
港区 大門
82%
岡崎市 大門
82%
福山市 大門
82%
千代田区 桜田門
79%
門真市 門真市
79%
門真市 門真南
75%
長門市 長門市
75%
港区 御成門
71%
門川町 門川
71%
江東区 門前仲町
68%
府中市 府中競馬正門前
64%
千代田区 半蔵門
61%
鳴門市 鳴門
61%
北九州市 門司
57%
港区 虎ノ門
54%
会津若松市 門田
50%
海老名市 門沢橋
50%
西宮市 門戸厄神
50%
北九州市 門司港
50%
港区 虎ノ門ヒルズ
46%
川崎市 東門前
46%
山陽小野田市 長門本山
46%
いすみ市 三門
39%
市川三郷町 市川大門
39%
長門市 長門湯本
39%
厚岸町 門静
36%
射水市 越中大門
36%
御坊市 学門
36%
下関市 長門二見
36%
長門市 長門三隅
36%
長門市 長門古市
36%
太田市 治良門橋
32%
宇部市 長門長沢
32%
島田市 門出
29%
萩市 長門大井
29%
下関市 長門粟野
25%
一関市 陸中門崎
21%
北九州市 関門海峡めかり
21%
五所川原市 毘沙門
18%
泰阜村 門島
18%
静岡市 御門台
18%
岡山市 門田屋敷
18%
山口市 長門峡
18%
豊前市 三毛門
18%
福岡市 下山門
14%
粕屋町 門松
14%
岡山市 備前三門
11%
広島市 毘沙門台
4%
No matching quizzes found
Score Distribution
Percent of People with Each Score
Percentile by Number Answered
Your Score History
You have not taken this quiz